Circuit català de trofeus de natació 2021 : XXII Gran Premi Diputació de Barcelona XXII Gran Premi Diputació de Barcelona
Descripción Física:
14 pàgines : il·lustracions ; 21 cm
Idioma:
Catalán
MARC
| LEADER | 00000nam a22000007a 4500 | ||
|---|---|---|---|
| 001 | 25390 | ||
| 008 | 220504b spa||||| |||| 00| 0 cat d | ||
| 080 | |a FU-68-54 | ||
| 245 | |a Circuit català de trofeus de natació 2021 : |b XXII Gran Premi Diputació de Barcelona | ||
| 260 | |a Barcelona : |b Diputació de Barcelona ; Federació Catalana de Natació |c 2020 | ||
| 300 | |a 14 pàgines : |b il·lustracions ; |c 21 cm | ||
| 650 | 0 | |9 52758 |a Natació |x Competicions | |
| 650 | 0 | |9 52760 |a Natació |z Barcelona (Província) | |
| 710 | 1 | |a Barcelona (Catalunya : Província). |b Diputació |9 52408 | |
| 710 | 1 | |9 52759 |a Federació Catalana de Natació | |
| 942 | |2 udc |c ARXIU |n 1 | ||
| 952 | |0 0 |1 0 |4 0 |6 FU6854 |7 1 |9 61470 |a Arxiu |b Arxiu |d 2022-05-04 |l 0 |o FU-68-54 |p 25390 |r 2022-05-04 00:00:00 |w 2022-05-04 |y ARXIU | ||
| 999 | |c 81423 |d 81423 | ||